[Event "GER-ch"]
[Site "Bad Neuenahr"]
[Date "1991.??.??"]
[Round "7"]
[White "Buecker, Stefan"]
[Black "Boensch, Uwe"]
[Result "1/2-1/2"]
[WhiteElo "2345"]
[BlackElo "2470"]
[Annotator "Blatny,P"]
[PlyCount "127"]
[EventDate "1991.06.??"]
[EventType "tourn"]
[EventRounds "15"]
[EventCountry "GER"]
[EventCategory "7"]
[SourceTitle "CBM 024"]
[Source "ChessBase"]
[SourceDate "1991.10.01"]
[SourceVersion "1"]
[SourceVersionDate "1991.10.01"]
[SourceQuality "1"]

1. e4 c5 2. Nc3 Nc6 3. g3 g6 4. Bg2 Bg7 5. d3 d6 6. f4 e6 (6... f5 7. Nf3 Nf6
8. O-O O-O 9. Kh1 Kh8 10. Be3 Be6 11. Bg1 Qd7 12. exf5 Bxf5 13. d4 $14) (6...
Nf6 7. Nf3 O-O 8. O-O Rb8 9. h3 b5 10. a3 (10. g4 b4 11. Ne2 c4 $1 {Keene})
10... a5 11. Be3 b4 12. axb4 axb4 13. Ne2 {/\Pg3-g4,Pf4-f5,Qd1-e1-h4->>>}) 7.
Nf3 Nge7 8. O-O O-O (8... Rb8 $6 9. e5 dxe5 10. fxe5 Nxe5 11. Bf4 $16 {
Bronstein}) (8... Nd4 9. Bd2 Bd7 10. Rb1 Rc8 11. Ng5 h6 12. Nh3 b5 13. Ne2 e5
14. Nf2 O-O 15. g4 f5 16. Ng3 Kh7 17. c3 $14 {Bangiev-Bannik, USSR 1978}) (8...
Bd7 9. Be3 Nd4 10. Rb1 Rc8 11. Bf2 Nec6 12. Ne2 Qa5 13. Nexd4 Nxd4 14. c3 Nxf3+
15. Qxf3 $14 {Spassky-Hort, Germany 1981}) 9. Be3 (9. Ne2 d5 $13) (9. Bd2 b6
10. Rb1 (10. g4 f5 11. gxf5 gxf5 12. Kh1 a6 $1 13. Rg1 Ra7 14. Qe1 Ng6 $15)
10... Bb7 11. Ne2 Qd7 12. g4 f5 13. gxf5 exf5 14. c4 Nd8 15. Nc3 Ne6 $10 {
Spassky-Portisch, Mexico (cm-1) 1980}) 9... Nd4 (9... b6 10. d4 Ba6 11. Re1 e5
12. fxe5 cxd4 13. Nxd4 Nxd4 14. Qxd4 Bxe5 15. Qa4 $14 {Evans-Lombardy, USA 1973
}) 10. Qd2 (10. e5 Nef5 11. Bf2 Nxf3+ 12. Qxf3 Bd7 13. Qxb7 (13. exd6 Bc6 14.
Ne4 Nxd6 15. Bxc5 Nxe4 16. dxe4 Bd4+ 17. Bxd4 Qxd4+ 18. Kh1 Qxb2 $15) 13... Rb8
14. Qxa7 Rxb2 15. Rac1 dxe5 16. fxe5 Bxe5 17. Ne4 Bc6 $13 {Kindermann-Spasov,
Novi Sad (ol) 1990 --> ChessBase: Ftacnik: Novi Sad (ol)}) (10. Bf2 b6 (10...
Nec6 11. Nxd4 Nxd4 12. Rb1 Bd7 13. Ne2 Qa5 14. c3 Nxe2+ 15. Qxe2 Qxa2 16. e5
Qb3 17. exd6 Rfc8 $13) 11. Nxd4 cxd4 12. Ne2 e5 13. c3 dxc3 14. Nxc3 exf4 15.
gxf4 Be6 16. Bh4 f6 17. d4 d5 {Abramovic-Gurevich,V, Oberwart 1990} 18. Qf3 $10
) 10... Rb8 (10... d5 {--> Hickl-Kunze CBM24} 11. Nh4 Nxc2 12. Qxc2 d4 13. Bf2
dxc3 14. bxc3 Qc7 15. Rac1 b6 16. d4 $14 {Zaitsev,I-Wittmann, Graz 1979}) (
10... b6 {--> Buecker-Volke CBM24} 11. Bxd4 cxd4 12. Nb5 Nc6 13. e5 dxe5 14.
Nxe5 Nxe5 15. Bxa8 Bd7 16. Be4 Bxb5 17. fxe5 Bxe5 $14 {Medina-Andersson, Las
Palmas 1974}) (10... Nec6 11. Nd1 Bd7 12. Kh1 Nxf3 13. Bxf3 b5 {+/=/=}) 11.
Rae1 (11. Nh4 b5 12. Nd1 f5 13. c3 Ndc6 14. Nf3 b4 15. c4 Nd4 $13 {
Campora-Greenberg, Buenos Aires 1978}) (11. g4 f5 $1 12. gxf5 exf5 13. Rae1 Kh8
14. Kh1 Nxf3 15. Bxf3 b6 16. Bf2 Bb7 {=/=/+ Medina-Smyslov, Siegen (ol) 1970})
11... b5 12. e5 Nef5 13. Bf2 Qc7 14. Ng5 Bb7 15. Nce4 h6 16. Nh3 dxe5 17. c3
exf4 18. cxd4 fxg3 19. hxg3 cxd4 20. g4 Bxe4 21. Rxe4 Ng3 22. Bxg3 Qxg3 23. Rf3
Qd6 24. g5 h5 25. Re2 b4 26. Nf2 Rfc8 27. Ne4 Qc7 28. Rf1 b3 29. axb3 Rxb3 30.
Ref2 Rf8 31. Rc1 Qe7 32. Rc5 Kh8 33. Qc2 Rb7 34. Qc1 a6 35. Bf3 Rb5 36. Rxb5
axb5 37. Qd1 Rc8 38. Qf1 Kg8 39. Kg2 Rc7 40. Qh1 Be5 41. Bd1 Rc1 42. Qe1 Bb8
43. Qd2 Qc7 44. Kf1 Ra1 45. Nf6+ Kh8 46. Ne4 Kg7 47. Kg1 h4 48. Rf1 h3 49. Qf2
Kf8 50. Be2 Rc1 51. b4 Rxf1+ 52. Bxf1 Qc1 53. Qf3 h2+ 54. Kh1 Bf4 55. Qh3 Ke7
56. Qg2 Qe3 57. Qg4 Qc1 58. Qg2 Qe1 59. Nc5 Kf8 60. Ne4 Ke7 61. Qf3 Qh4 62. Qg2
Qe1 63. Qf3 Qh4 64. Qg2 1/2-1/2

[Event "New York op"]
[Site "New York"]
[Date "1991.??.??"]
[Round "3"]
[White "Rabinovich, Arkady"]
[Black "Tischbierek, Raj"]
[Result "0-1"]
[WhiteElo "2340"]
[BlackElo "2500"]
[Annotator "Blatny,P"]
[PlyCount "116"]
[EventDate "1991.03.??"]
[EventType "swiss"]
[EventRounds "9"]
[EventCountry "USA"]
[SourceTitle "CBM 023"]
[Source "ChessBase"]
[SourceDate "1991.08.01"]
[SourceVersion "1"]
[SourceVersionDate "1991.08.01"]
[SourceQuality "1"]

1. e4 c5 2. Nc3 Nc6 3. g3 g6 4. Bg2 Bg7 5. f4 d6 6. d3 e6 7. Nf3 Nge7 8. O-O
O-O 9. Ne2 (9. g4 f5 10. gxf5 gxf5 11. Kh1 fxe4 12. dxe4 d5 13. e5 Nf5 $11 {
Knezevic, =/+ Blatny}) 9... b6 10. g4 (10. c3 f5 11. exf5 gxf5 12. d4 Bb7 13.
Ng5 Qd7 14. dxc5 bxc5 $13 {Gabriel-Wirthensohn,Altensteig 1990}) 10... f5 11.
h3 Qd7 12. c3 Ba6 13. Ng3 Rac8 14. Re1 Kh8 15. Be3 $5 d5 $1 16. gxf5 exf5 17.
e5 {/\d4} d4 18. cxd4 cxd4 19. Bd2 Bxd3 20. Qb3 Ba6 21. Ng5 Na5 22. Bxa5 Bc4
23. Qa3 bxa5 24. Rad1 $1 (24. Qxa5 h6) 24... d3 25. Qd6 $1 Qd8 26. b3 h6 27.
Nf3 Bb5 28. a4 Bc6 29. Rxd3 Qb6+ 30. Qd4 Nd5 31. Qxb6 axb6 32. Ne2 Kh7 33. Nfd4
Nb4 34. Rc3 $2 (34. Rg3 Bxg2 35. Rxg2 Rfd8 $15) 34... Bxg2 35. Kxg2 Rxc3 36.
Nxc3 Nd3 37. Rf1 Nxf4+ $1 38. Rxf4 Bxe5 39. Nde2 Bxf4 40. Nxf4 Rd8 41. Nfd5 Rd6
42. Kf3 g5 43. Ke3 h5 44. Kd4 Re6 45. Ne3 Kg6 46. Ng2 f4 47. h4 f3 48. Ne3 gxh4
49. Ne4 h3 50. Nf1 Kf5 51. Ne3+ Kg6 52. Nf1 h4 53. Kd3 Kf5 54. Ne3+ Kf4 55.
Nd5+ Ke5 56. Ne3 h2 57. Nf2 Kf4 58. Nf1 h1=Q (58... h1=Q 59. Nxh1 Re1 $19) 0-1

[Event "URS-sf Moscow-ch"]
[Site "Moscow"]
[Date "1989.??.??"]
[Round "?"]
[White "Balashov, Yuri S"]
[Black "Kiselev, Sergey"]
[Result "1-0"]
[WhiteElo "2535"]
[BlackElo "2445"]
[Annotator "Boensch,U"]
[PlyCount "137"]
[EventDate "1989.11.??"]
[EventType "tourn"]
[EventRounds "7"]
[EventCountry "URS"]
[EventCategory "10"]
[SourceTitle "CBM 016"]
[Source "ChessBase"]
[SourceDate "1990.06.01"]
[SourceVersion "1"]
[SourceVersionDate "1990.06.01"]
[SourceQuality "1"]

1. e4 {Bönsch} c5 2. Nc3 Nc6 3. g3 g6 4. Bg2 Bg7 5. d3 e6 6. Be3 d6 7. f4 Nge7
8. Nf3 Nd4 9. O-O O-O 10. e5 Qb6 (10... Nef5 11. Bf2 Nxf3+ 12. Qxf3 Nd4 {
Balashov,Y-Arnason,J Reykjavik 1989 - CBM13 Hug,M-Ballmann,M Zug 1989} (12...
Rb8 {Thorhallsson,T-Petursson,M Reykjavik 1989 - CBM13})) 11. Rb1 Nef5 12. Bf2
Nxf3+ 13. Qxf3 (13. Bxf3 dxe5 14. fxe5 Bxe5 15. Na4 Qc7 16. Bxc5 Bd7 17. Bxf8
Rxf8 18. Nc3 Ne3 $15) 13... dxe5 14. fxe5 Bxe5 15. Ne4 $1 Bd7 $2 (15... Qc7 16.
Bxc5 Bd4+ $2 (16... Rd8 $14) 17. Bxd4 Nxd4 18. Nf6+ Kh8 (18... Kg7 19. Nh5+ $1
gxh5 20. Qf6+ Kg8 21. Qxd4 $16) 19. Qe3 Nf5 20. Rxf5 $1 exf5 21. Qh6 Qb6+ 22.
Kh1 Qxf6 23. Qxf8#) 16. Bxc5 Bd4+ 17. Kh1 Qc7 (17... Bxc5 18. Nf6+ Kg7 19. Nxd7
$16) 18. Bxf8 Rxf8 19. c3 Bg7 20. d4 h5 21. Nc5 Bc6 22. Qf2 b6 23. Nd3 Bb5 24.
Rbd1 Bc4 25. a3 Bb3 26. Rde1 Bc4 27. Qf3 Rd8 28. Rf2 Bf6 29. Ne5 Bd5 30. Qe2
Kg7 31. Bxd5 Rxd5 32. Nd3 Rd8 33. Qf3 Rd6 34. h3 $6 {Genauer: Sf4-g2-e3 +-} Bg5
35. g4 hxg4 36. hxg4 Nh6 37. Ref1 Rd8 38. Rh2 Rh8 39. Nf2 Be7 40. Kg2 Bd6 41.
Rh3 Bf4 42. Ne4 g5 43. Ng3 f5 44. Nh5+ Kf7 45. Nxf4 fxg4 46. Nd5+ $1 gxf3+ 47.
Rfxf3+ Qf4 48. Nxf4 g4 49. Rh5 gxf3+ 50. Kxf3 Kf6 51. Nd3 Kg7 52. Ke4 Re8 53.
Nf4 Nf7 54. c4 $1 $18 Kf6 55. c5 Rg8 56. Ne2 Rg4+ 57. Kf3 Rg5 58. Rxg5 Nxg5+
59. Kf4 bxc5 60. dxc5 e5+ 61. Ke3 Ke6 62. Nc3 Kd7 63. Ne4 Ne6 64. Kd3 Kc6 65.
Kc4 a5 66. b4 axb4 67. axb4 Nf4 68. b5+ Kc7 69. Nf6 1-0

[Event "Interzonal-15"]
[Site "Manila"]
[Date "1990.??.??"]
[Round "1"]
[White "Miles, Anthony John"]
[Black "Marin, Mihail"]
[Result "1/2-1/2"]
[WhiteElo "2595"]
[BlackElo "2485"]
[Annotator "Boensch,U"]
[PlyCount "94"]
[EventDate "1990.06.29"]
[EventType "swiss"]
[EventRounds "13"]
[EventCountry "PHI"]
[SourceTitle "CBM 019"]
[Source "ChessBase"]
[SourceDate "1990.12.01"]
[SourceVersion "1"]
[SourceVersionDate "1990.12.01"]
[SourceQuality "1"]

1. g3 {Bönsch} g6 2. Bg2 Bg7 3. e4 c5 4. Nc3 Nc6 5. d3 d6 6. f4 e6 7. Nf3 Nge7
8. Be3 Nd4 9. O-O O-O 10. e5 Nef5 (10... Qb6 11. Rb1 Nef5 12. Bf2 Nxf3+ 13.
Qxf3 (13. Bxf3 dxe5 14. fxe5 Bxe5 15. Ne4 Bd4 16. Qe2 Bxf2+ 17. Qxf2 c4 18.
dxc4 Qxf2+ 19. Rxf2 Rd8 20. c5 $14 {Balaschov-Stohl, Albena 1989 - Inf.48/223})
13... dxe5 14. fxe5 Bxe5 15. Ne4 Bd7 $2 16. Bxc5 Bd4+ 17. Kh1 $18 {
Balaschov-Kiselev, Moskau 1989 - Inf.48/223}) 11. Bf2 Nxf3+ 12. Qxf3 Nd4 13.
Qd1 dxe5 (13... f5 14. exf6 Qxf6 15. Ne4 Qe7 16. c3 Nc6 17. Qd2 $14 {
Balaschov-Arnason, Reykjavik 1989 - CBM13 S.35}) 14. fxe5 Bxe5 15. Ne4 f5 16.
Nxc5 Qd6 17. Nb3 (17. Nxb7 $2 Bxb7 18. Bxb7 Rab8 19. Bg2 Rxb2 $15) 17... Nxb3
18. axb3 Bxb2 19. Ra5 Bc3 (19... Bd4 $5) 20. Ra4 b5 (20... Bd7 21. Rc4 Rac8 22.
Bxb7 Rc7 $10) 21. Rxa7 Rxa7 22. Bxa7 e5 23. Qf3 Be6 24. Kh1 b4 25. Be3 Rd8 26.
Bg5 Bd5 27. Qxd5+ Qxd5 28. Bxd5+ Rxd5 29. Kg2 Ra5 $2 (29... Kf7 30. g4 Ke6 $15)
30. g4 $1 Kf7 (30... fxg4 $2 31. Bh6 Ra8 32. Kg3) 31. gxf5 Ra2 32. fxg6+ Kxg6
33. Be3 Rxc2+ 34. Rf2 Rxf2+ $10 35. Bxf2 Kf5 36. Kf3 Bd2 37. Bc5 Bc3 38. Be3
Be1 39. Bh6 Kg6 40. Bf8 Kf5 41. Bc5 h5 42. h3 Bc3 43. Ke3 Kg5 44. Be7+ Kf5 45.
Bh4 Bd4+ 46. Kf3 Bc3 47. Bf2 Bd2 1/2-1/2

[Event "Paris-ch op"]
[Site "Paris"]
[Date "1993.??.??"]
[Round "8"]
[White "Dubois, Jean Marie"]
[Black "Bernard, Christophe"]
[Result "0-1"]
[WhiteElo "2300"]
[BlackElo "2365"]
[Annotator "Bulletin"]
[PlyCount "68"]
[EventDate "1993.04.??"]
[EventType "swiss"]
[EventRounds "9"]
[EventCountry "FRA"]
[SourceTitle "CBM 038"]
[Source "ChessBase"]
[SourceDate "1994.02.01"]
[SourceVersion "1"]
[SourceVersionDate "1994.02.01"]
[SourceQuality "1"]

1. e4 g6 2. f4 Bg7 3. d3 c5 4. g3 Nc6 5. Bg2 d6 6. Nc3 e6 7. Nf3 Nge7 8. O-O
O-O 9. Ne2 b6 10. c3 Qd7 11. Be3 d5 12. e5 Ba6 13. Bf2 Rac8 14. Re1 d4 15. cxd4
Nb4 16. dxc5 Nxd3 17. cxb6 Nd5 18. Bd4 $2 (18. bxa7 Nxf2 19. Kxf2 Qxa7+ 20. Qd4
$14) 18... Nxe1 19. Qxe1 (19. Nxe1 Bxe2 $1 20. Qxe2 Nxf4 $1 21. gxf4 Qxd4+ $19)
19... axb6 (19... Rc2 20. Nc3 axb6 21. Qd1 Nxc3 $1 22. bxc3 (22. Qxc2 Ne2+ 23.
Kh1 Nxd4 $19) 22... Rb2) 20. a3 Rfd8 21. Nc3 Nxc3 22. bxc3 Qc7 23. Ng5 (23. Rb1
b5 24. a4 bxa4 25. Bb6) 23... Bf8 24. g4 Be7 25. Ne4 Bd3 26. Nd6 Rxd6 27. exd6
Bxd6 28. Qh4 Bxf4 29. Qf6 e5 30. Bxb6 Qxc3 31. Rd1 Qc2 32. Re1 Qd2 33. Qh4 Rc1
34. Ba5 Qxa5 0-1

[Event "Bugojno"]
[Site "Bugojno"]
[Date "1978.02.28"]
[Round "3"]
[White "Spassky, Boris Vasilievich"]
[Black "Hort, Vlastimil"]
[Result "1-0"]
[WhiteElo "2630"]
[BlackElo "2620"]
[Annotator "Bulletin"]
[PlyCount "81"]
[EventDate "1978.02.27"]
[EventType "tourn"]
[EventRounds "15"]
[EventCountry "YUG"]
[EventCategory "14"]
[SourceTitle "MCL"]
[Source "ChessBase"]
[SourceDate "1999.07.01"]
[SourceVersion "1"]
[SourceVersionDate "1999.07.01"]
[SourceQuality "1"]

1. e4 c5 2. Nc3 Nc6 3. g3 g6 4. Bg2 Bg7 5. d3 d6 6. f4 e5 7. Nh3 Nge7 (7...
exf4 8. Bxf4 Nge7 9. O-O h6 10. Rb1 O-O 11. a3 Be6 12. Be3 Ne5 13. Nf4 Bd7 {
Spassky-Portisch cm (13) Genf 1977}) 8. O-O Nd4 9. f5 gxf5 10. Qh5 (10. Bg5 f6
$1 11. Qh5+ Kd7 12. exf5 Nxc2 13. Rac1 Nd4 14. Ne4 Qf8 $15 {Trapl-Pribyl, CSSR
1972}) 10... h6 11. Rf2 Be6 12. Be3 Qd7 (12... fxe4 13. Raf1 Rf8 14. Bxh6 $14)
13. Raf1 O-O-O 14. Nd5 fxe4 (14... Bxd5 15. exd5 Rhf8 16. Kh1 {/\Ng1,Bh3}) 15.
Nxe7+ Qxe7 16. Bxd4 cxd4 17. Rxf7 $1 Qe8 18. Bxe4 Rf8 19. Bf5 $1 Qxf7 (19...
Kb8 $1) 20. Qxf7 Rxf7 21. Bxe6+ Rfd7 22. Rf7 Kc7 23. Bxd7 Rxd7 24. Rxd7+ Kxd7
25. Kg2 Ke6 26. Kf3 d5 $2 (26... Kf6 27. g4 Ke6 $14) 27. Kg4 Kf6 28. Kh5 Bf8
29. Ng1 b5 30. Ne2 a5 31. g4 a4 32. h4 b4 33. b3 a3 34. Ng3 e4 35. g5+ hxg5 36.
hxg5+ Ke5 37. Kg4 Bg7 $2 (37... e3 38. Ne2 Bc5 39. g6 $18) 38. Nh5 Bf8 39. g6
e3 40. Kf3 Kf5 41. g7 1-0

[Event "Yerevan"]
[Site "Yerevan"]
[Date "1989.??.??"]
[Round "?"]
[White "Marjanovic, Slavoljub"]
[Black "Lputian, Smbat G"]
[Result "0-1"]
[WhiteElo "2490"]
[BlackElo "2610"]
[Annotator "Bulletin"]
[PlyCount "96"]
[EventDate "1989.05.??"]
[EventType "tourn"]
[EventRounds "11"]
[EventCountry "URS"]
[EventCategory "12"]
[SourceTitle "CBM 014"]
[Source "ChessBase"]
[SourceDate "1990.02.01"]
[SourceVersion "1"]
[SourceVersionDate "1990.02.01"]
[SourceQuality "1"]

1. e4 c5 2. Nc3 Nc6 3. g3 e6 4. Bg2 g6 5. d3 Bg7 6. f4 Nge7 7. Nf3 O-O 8. O-O (
8. Be3 d5 9. Bxc5 d4 10. Bxe7 Qxe7 11. Ne2 Qb4+) 8... d6 9. Bd2 {9.Be3} b5 $5
10. a3 (10. Nxb5 Rb8 11. Nc3 Rxb2) 10... Rb8 11. Rb1 c4 $5 (11... Qc7 12. Kh1
f5 $1 13. Re1 h6 14. b4 c4 15. dxc4 bxc4 16. b5 Nd8 17. e5 Nf7 18. exd6 Qxd6
19. Qe2 $16 {Spassky,B-Van der Wiel,J/Tilburg/1983/}) 12. h3 $6 (12. dxc4 bxc4
13. Qe1 d5 14. e5 Nf5 $15) (12. Be3 d5 (12... cxd3 13. Qxd3 b4 14. axb4 Nxb4
15. Qd2 Qc7) 13. dxc4 bxc4 14. Nd4 (14. exd5 exd5 15. Nd4 Nxd4 16. Bxd4 Bxd4+
17. Qxd4 Nf5) 14... Nxd4 15. Bxd4 dxe4 16. Bxg7 Qxd1 17. Rfxd1 Kxg7 18. Nxe4
Bb7 $10) 12... b4 $1 13. axb4 (13. Ne2 bxa3 14. bxa3 Ba6 $15) 13... cxd3 14.
cxd3 Qb6+ 15. Kh2 Nxb4 16. Be1 (16. Ne1 Ba6 17. Rf3 d5 18. e5 Nf5) 16... Ba6
17. Bf2 Qc7 18. Ne1 Rfc8 (18... Bxc3 19. bxc3 Qxc3 20. Rc1) (18... e5 $1 {
/\ 19...d5} 19. Be3 d5 20. exd5 Nf5 $17) 19. Rc1 Qd7 20. Qd2 Nec6 (20... e5 21.
h4 $1) 21. Ra1 Nd4 22. Ra3 Rc7 23. Be3 Nb5 24. Rb3 Nc6 25. Nxb5 Bxb5 26. Nf3 $6
(26. Nc2 Rcb7 27. Na3 Nd4) 26... Rcb7 27. Ra1 a5 28. Ra2 Qc7 (28... Ba6 29.
Rxb7 Qxb7 30. e5 dxe5 31. Nxe5 Bxe5 32. fxe5 Qb3 $17) 29. e5 dxe5 30. Nxe5 Nxe5
$1 31. fxe5 (31. Bxb7 Qxb7 32. fxe5 Qd5 33. Rba3 Bxe5 $17) 31... Bxe5 32. Bxb7
Bxg3+ 33. Kg1 Qxb7 34. Rxa5 Qd5 35. Rc3 Qd8 $6 (35... Bd6 36. Qc1 Qf3 37. Rc8+
Rxc8 38. Qxc8+ Kg7 39. Bd4+ e5 $17) 36. Ba7 $2 (36. Rb3 $1 Qd5 37. Rc3) 36...
Rb7 37. Qg2 (37. Ra1 Be5 38. d4 Rxa7 $1) (37. Rb3 Qd5 38. Qb4 Qf3 39. Rxb5 Rxa7
) 37... Qxa5 38. Qxb7 Qa1+ 39. Kg2 Qxb2+ 40. Kxg3 Qxc3 41. Qb8+ Kg7 42. Be3
Bxd3 43. Qd6 e5 44. Bc5 Bc4+ 45. Kf2 Qc2+ 46. Kg1 Qc1+ 47. Kh2 Qf4+ 48. Kg2 h5
0-1

[Event "World U20-ch22"]
[Site "Belfort"]
[Date "1983.08.25"]
[Round "12"]
[White "D'Amore, Carlo"]
[Black "Milos, Gilberto"]
[Result "1/2-1/2"]
[WhiteElo "2305"]
[BlackElo "2380"]
[Annotator "Bulletin/Primel,D"]
[PlyCount "121"]
[EventDate "1983.08.12"]
[EventType "swiss"]
[EventRounds "13"]
[EventCountry "FRA"]
[SourceTitle "EXT 2016"]
[Source "ChessBase"]
[SourceDate "2015.10.08"]
[SourceVersion "1"]
[SourceVersionDate "2015.10.08"]
[SourceQuality "1"]

1. Nf3 g6 2. g3 Bg7 3. Bg2 c5 4. d3 Nc6 5. O-O e5 6. e4 {Transpose sur une
sicilienne fermée} Nge7 7. Nc3 (7. c3 {Gardait l'option de jouer une attaque
sicilienne}) 7... O-O 8. Nd2 (8. Be3 d6 9. Qd2 Nd4 $11 {Czerniak,M-Botvinnik,M
Moscow ol (Men) fin-A 1956 (2) 1/2}) 8... d6 9. Nc4 Be6 10. Nd5 Bxd5 $6 $146 {
[%cal Gf7f5]} (10... b5 $142 {Bilek,I (2500)-Parma,B (2510) Capablanca
Memorial 1971 (11) 1/2}) (10... Qd7 $142 11. c3 f5 {Bilek,I-Andersson,U Palma
de Mallorca 1972 1/2}) 11. exd5 Nb4 {C'est l'inconvénient de la nouveauté}
12. Ne3 f5 {[%csl Re6]} 13. c3 $14 Na6 {[%csl Ra6]} 14. f4 exf4 15. Rxf4 Nc7 {
[%csl Rc7,Re7] Les deux N Noirs sont trés mal placés} 16. a4 Qd7 17. Rf1 Rae8
$32 18. Bd2 h5 19. Qb3 b6 (19... Kh7 $142 {[%cal Gg7h6]} 20. Qxb7 Rb8 21. Qxa7
Bh6 $44) 20. Rae1 Bh6 (20... Kh7) 21. Nc4 Bxd2 22. Nxd2 Nc8 $5 {[%csl Rc8] Les
Noirs veulent échanger les R en espèrant que le P"d5" va gêner le Bg2 dans
la finale} 23. Qc4 Qf7 24. d4 (24. Ne4 $1 {[%cal Gf1f7]} Nxd5 $2 25. Ng5) 24...
Rxe1 25. Rxe1 Re8 26. Rxe8+ Qxe8 27. Kf2 Qf7 28. dxc5 dxc5 29. Qh4 $1 Nd6 (
29... Nxd5 30. Qd8+) 30. Qd8+ Nce8 31. Bf3 Qf6 32. Qd7 Qf7 33. Qd8 Kg7 34. a5
Qc7 35. Qxc7+ Nxc7 36. axb6 axb6 37. h4 Kf6 {[%cal Gf6e5,Gc7d5]} 38. Ke3 Ke5 $1
$132 {[%csl Rd5,Rf3] Force la poussée c4 et le B n'est pas très bon} 39. c4
Na6 40. Bd1 Nb4 41. Nf3+ Kf6 42. Nd2 f4+ $1 43. Kxf4 (43. gxf4 Nf5+ {[%cal
Gf5e3,Gf5d4,Gf5h4]}) 43... Nd3+ 44. Ke3 Nxb2 $132 45. Be2 Kf5 46. Bd3+ Nxd3 47.
Kxd3 Kg4 48. Ke3 Nf7 (48... Kxg3 $4 49. Ne4+ {[%cal Gd5d8]}) 49. Kf2 Nh6 50.
Ne4 Nf7 51. Nf6+ Kf5 52. Nd7 g5 53. hxg5 Kxg5 54. Nxb6 {[%cal Gb6d7]} Nd6 $1
$44 {[%csl Rb6,Rc4,Gd6] Bloque non seulement le P"passé mais l'attaque du
P"c4" va empêcher le Nb6 de bouger et les Blancs peuvent difficilement
valoriser le P supplémentaire} 55. Kf3 Kf5 56. Na4 Nxc4 57. Nxc5 Ke5 58. Nd3+
Kxd5 59. Nf4+ Ke5 60. Nxh5 Kf5 61. Nf4 1/2-1/2

[Event "Corus-B"]
[Site "Wijk aan Zee"]
[Date "2009.01.27"]
[Round "9"]
[White "Navara, David"]
[Black "Sasikiran, Krishnan"]
[Result "1-0"]
[WhiteElo "2638"]
[BlackElo "2711"]
[Annotator "CB"]
[PlyCount "49"]
[EventDate "2009.01.17"]
[EventType "tourn"]
[EventRounds "13"]
[EventCountry "NED"]
[EventCategory "16"]
[SourceTitle "CBM 129"]
[Source "ChessBase"]
[SourceDate "2009.03.25"]
[SourceVersion "1"]
[SourceVersionDate "2009.03.25"]
[SourceQuality "1"]

1. e4 c5 2. Nc3 d6 3. g3 Nc6 4. Bg2 g6 5. d3 Bg7 6. f4 Rb8 7. Nf3 b5 8. a3 e6
9. Be3 Nge7 (9... Nd4 {is more usual in such positions, preventing the advance
d3-d4.}) 10. d4 b4 11. axb4 Rxb4 12. dxc5 d5 $6 (12... Rxb2 {looks a better
try, with a murky position after} 13. e5) 13. exd5 exd5 14. Ne5 $1 Nxe5 15.
fxe5 d4 {If he does not takethe piece, Black is clearly worse, so Sasikiran
decides that he may as well have some material to suffer for. However, the
position proves to be very bad for Black.} 16. Bg5 $1 dxc3 17. Qxd8+ Kxd8 18.
bxc3 Rg4 19. O-O-O+ Ke8 20. Bf6 $1 Bxf6 ({The text loses simply, but after} 
20... Rg8 21. Rd6 {Black is tied hand and foot. Against the threat of Rhd1,
the only attempt to defend is} Ra4 22. Kb2 Ra6 {but then simply} 23. Rxa6 Bxa6
24. Ra1 {is overwhelming.}) 21. exf6 Ra4 22. c6 $1 {Better than taking back
the piece on e7, wince the latter is not going anywhere.} Bg4 (22... Nf5 23.
Rhe1+ Be6 24. c7 {mates.}) 23. Rd2 h5 24. c7 Bd7 25. Bc6 $1 ({An extremely
elegant final blow.} 25. Bc6 Nxc6 26. Re1+ Kf8 27. Rxd7 {forces mate in 15, as
Fritz 11 politely points out.}) 1-0

[Event "Buenos Aires"]
[Site "Buenos Aires"]
[Date "1980.??.??"]
[Round "?"]
[White "Karpov, Anatoly"]
[Black "Quinteros, Miguel Angel"]
[Result "1-0"]
[WhiteElo "2725"]
[BlackElo "2515"]
[Annotator "Chekhov,V"]
[PlyCount "69"]
[EventDate "1980.10.15"]
[EventType "tourn"]
[EventRounds "13"]
[EventCountry "ARG"]
[EventCategory "13"]
[SourceTitle "MCL"]
[Source "ChessBase"]
[SourceDate "1999.07.01"]
[SourceVersion "1"]
[SourceVersionDate "1999.07.01"]
[SourceQuality "1"]

1. e4 c5 2. Nc3 d6 3. g3 g6 4. Bg2 Bg7 5. d3 Nc6 6. f4 e6 7. Nf3 Nge7 8. O-O
O-O 9. Be3 (9. Bd2 $5) 9... Nd4 10. Rb1 Nec6 $5 (10... Bd7 $5 11. Ne2 Nxf3+ 12.
Bxf3 Qc7 13. Qd2 Rad8 14. c4 b6 15. g4 f5 16. gxf5 exf5 17. Nc3 Rfe8 18. Rbe1
Qb8 $13 {Christiansen,L-Andersson,U/Mar del Plata/1981/}) 11. Ne2 Nxf3+ 12.
Bxf3 b6 (12... Nd4 13. Bg2 Qa5 14. Nc1 Qa4 15. c3 Qxd1 16. Rxd1 Nc6 17. Ne2 e5
18. h3 Be6 {Balashov,Y-Rashkovsky,N/URS/1981/}) 13. c3 (13. e5 $6 Bb7 14. d4
cxd4 15. Nxd4 Nxd4 16. Bxb7 Nf5 $1) (13. d4 $5 cxd4 14. Nxd4 Nxd4 15. Bxd4 Qc7
16. Bxg7 Kxg7 17. e5 d5 $14) 13... Bb7 14. Qd2 d5 $6 (14... f5 15. exf5 exf5)
15. e5 a5 (15... d4 $2 16. cxd4 cxd4 17. Nxd4 $18) 16. d4 Qe7 17. Bf2 Ba6 18.
Rfe1 $6 (18. a3 $1) 18... h5 $6 (18... cxd4 19. Nxd4 (19. cxd4 $2 Nb4 $17)
19... Rfc8 20. h4 h5 $13) 19. h3 Rac8 (19... cxd4 $5 20. Nxd4 Rfc8) 20. Kg2 f5
(20... cxd4 21. Nxd4 {/\g4/}) 21. Qe3 Rf7 (21... cxd4 22. Nxd4 Nxd4 23. Qxd4
Rc6) 22. a3 $1 (22. dxc5 $2 bxc5 23. Qxc5 Qxc5 24. Bxc5 Nxe5 $13) 22... a4 23.
g4 cxd4 24. cxd4 $1 hxg4 25. hxg4 Na5 26. gxf5 $16 {->/} Rxf5 (26... gxf5 $6
27. Bh5 {/\Bg6,Qh3/}) (26... Nc4 27. Qd3 $16) 27. Bg4 Rff8 28. Rh1 Kf7 29. Rh7
Rh8 30. Rbh1 Nc4 (30... Rxh7 31. Rxh7 Rh8 32. Qh3 Rxh7 33. Qxh7 Qe8 34. f5 $1
exf5 35. Nf4 fxg4 36. e6+ Kf6 37. Bh4+ $18) 31. Qg3 $1 (31. Qh3 $5 Rxh7 32.
Qxh7 Rh8 33. Qxh8 Bxh8 34. Rxh8 Kg7 35. Bh4 Ne3+ 36. Kh3 Nxg4 37. Bxe7 Kxh8 38.
Nc3 $16) 31... Nxb2 32. f5 $1 $18 Rxh7 (32... exf5 33. Bxf5 $18) 33. fxg6+ Kg8
(33... Kxg6 34. Bxe6+ Qg5 35. Nf4#) 34. gxh7+ Kh8 35. Nf4 1-0